[Event "DEM U10w 2017"]
[Site "Willingen GER"]
[Date "2017.06.10"]
[Round "11"]
[White "von Beckh, Frieda"]
[Black "Ramien, Hannah"]
[Result "0-1"]
[Termination "normal"]
[Board "3"]
[WhiteElo "1248"]
[BlackElo "1243"]
[WhiteClock "00:46:32"]
[BlackClock "00:36:29"]
[PlyCount "144"]
[WhiteFideId "16233751"]
[BlackFideId "16209982"]
[EventCountry "GER"]
[EventRounds "11"]
[EventType "swiss"]
[EventDate "2017.06.03"]

1. e4 {[%clk 1:15:55]} 1... e5 {[%clk 1:15:54]} 2. Nf3 {[%clk 1:16:21]} 2...
Nc6 {[%clk 1:16:15]} 3. Bc4 {[%clk 1:16:42]} 3... Nf6 {[%clk 1:16:39]} 4. d3 {
[%clk 1:16:43]} 4... Be7 {[%clk 1:16:57]} 5. Nc3 {[%clk 1:17:01]} 5... d6 {
[%clk 1:17:08]} 6. O-O {[%clk 1:17:08]} 6... O-O {[%clk 1:17:25]} 7. Be3 {
[%clk 1:17:20]} 7... Na5 {[%clk 1:17:28]} 8. Bb5 {[%clk 1:17:23]} 8... c6 {
[%clk 1:17:45]} 9. Ba4 {[%clk 1:17:11]} 9... b5 {[%clk 1:18:00]} 10. Bb3 {
[%clk 1:17:25]} 10... Nxb3 {[%clk 1:18:11]} 11. axb3 {[%clk 1:17:45]} 11... c5
{[%clk 1:18:18]} 12. Nxb5 {[%clk 1:16:49]} 12... a6 {[%clk 1:17:48]} 13. Nc3 {
[%clk 1:16:57]} 13... Bg4 {[%clk 1:15:00]} 14. Bd2 {[%clk 1:15:20]} 14... h6 {
[%clk 1:12:20]} 15. Qe2 {[%clk 1:14:48]} 15... Nd7 {[%clk 1:11:01]} 16. Qe3 {
[%clk 1:14:06]} 16... Nb8 {[%clk 1:07:54]} 17. Nd5 {[%clk 1:12:29]} 17... Nc6 {
[%clk 1:07:09]} 18. c3 {[%clk 1:12:40]} 18... Re8 {[%clk 1:06:18]} 19. Ra4 {
[%clk 1:11:50]} 19... Na5 {[%clk 1:04:44]} 20. Rfa1 {[%clk 1:11:59]} 20... Nxb3
{[%clk 1:04:22]} 21. R1a3 {[%clk 1:11:40]} 21... Nxd2 {[%clk 1:04:30]} 22. Nxd2
{[%clk 1:11:47]} 22... a5 {[%clk 1:04:27]} 23. Nc4 {[%clk 1:11:26]} 23... Bg5 {
[%clk 1:02:23]} 24. Qg3 {[%clk 1:10:40]} 24... Bd7 {[%clk 1:00:08]} 25. Ndb6 {
[%clk 1:10:37]} 25... Bxa4 {[%clk 0:59:35]} 26. Nxa8 {[%clk 1:10:39]} 26...
Qxa8 {[%clk 0:52:28]} 27. Rxa4 {[%clk 1:10:48]} 27... Qb7 {[%clk 0:38:13]} 28.
Rxa5 {[%clk 1:08:45]} 28... Ra8 {[%clk 0:38:12]} 29. Rxa8+ {[%clk 1:06:27]}
29... Qxa8 {[%clk 0:38:34]} 30. f3 {[%clk 1:05:55]} 30... Qa1+ {[%clk 0:38:25]}
31. Kf2 {[%clk 1:05:47]} 31... Qd1 {[%clk 0:34:33]} 32. Nxd6 {[%clk 1:03:50]}
32... Qxd3 {[%clk 0:33:35]} 33. Nf5 {[%clk 1:02:48]} 33... Qd2+ {[%clk 0:33:14]
} 34. Kf1 {[%clk 0:59:58]} 34... g6 {[%clk 0:32:44]} 35. h4 {[%clk 0:57:13]}
35... Bf4 {[%clk 0:32:31]} 36. Qf2 {[%clk 0:51:09]} 36... Qxf2+ {[%clk 0:32:48]
} 37. Kxf2 {[%clk 0:51:31]} 37... gxf5 {[%clk 0:33:11]} 38. exf5 { [%clk
0:51:47]} 38... Kg7 {[%clk 0:32:12]} 39. Ke2 {[%clk 0:51:46]} 39... c4 { [%clk
0:32:16]} 40. Kd1 {[%clk 0:51:53]} 40... h5 {[%clk 0:32:06]} 41. Kc2 { [%clk
0:52:02]} 41... Kf6 {[%clk 0:32:14]} 42. b3 {[%clk 0:51:48]} 42... cxb3+ {[%clk
0:32:38]} 43. Kxb3 {[%clk 0:52:10]} 43... Kxf5 {[%clk 0:32:22]} 44. c4 { [%clk
0:51:52]} 44... Ke6 {[%clk 0:32:47]} 45. Kb4 {[%clk 0:52:07]} 45... Kd7 { [%clk
0:33:06]} 46. Kc5 {[%clk 0:51:43]} 46... Bg3 {[%clk 0:32:44]} 47. Kd5 { [%clk
0:51:57]} 47... f6 {[%clk 0:33:01]} 48. c5 {[%clk 0:52:21]} 48... Kc7 { [%clk
0:33:26]} 49. c6 {[%clk 0:52:24]} 49... Bxh4 {[%clk 0:33:47]} 50. Ke6 { [%clk
0:52:15]} 50... Kxc6 {[%clk 0:34:01]} 51. Kf5 {[%clk 0:52:38]} 51... Bg5 {[%clk
0:33:45]} 52. Kg6 {[%clk 0:51:33]} 52... h4 {[%clk 0:34:03]} 53. Kh5 { [%clk
0:51:43]} 53... Kd5 {[%clk 0:34:26]} 54. Kg4 {[%clk 0:52:02]} 54... Kd4 { [%clk
0:34:45]} 55. g3 {[%clk 0:52:11]} 55... hxg3 {[%clk 0:34:56]} 56. Kxg3 { [%clk
0:52:35]} 56... Ke3 {[%clk 0:35:16]} 57. Kg4 {[%clk 0:51:30]} 57... e4 { [%clk
0:35:33]} 58. fxe4 {[%clk 0:51:13]} 58... Kxe4 {[%clk 0:35:56]} 59. Kg3 { [%clk
0:51:17]} 59... Ke3 {[%clk 0:36:16]} 60. Kg4 {[%clk 0:49:56]} 60... Ke4 { [%clk
0:35:35]} 61. Kh5 {[%clk 0:48:46]} 61... Be3 {[%clk 0:34:47]} 62. Kg4 { [%clk
0:47:24]} 62... f5+ {[%clk 0:35:11]} 63. Kg3 {[%clk 0:47:30]} 63... f4+ { [%clk
0:35:33]} 64. Kg2 {[%clk 0:47:33]} 64... f3+ {[%clk 0:35:37]} 65. Kf1 { [%clk
0:47:26]} 65... Kd3 {[%clk 0:35:33]} 66. Ke1 {[%clk 0:47:31]} 66... f2+ { [%clk
0:35:43]} 67. Kf1 {[%clk 0:47:31]} 67... Kd2 {[%clk 0:36:02]} 68. Kg2 { [%clk
0:47:18]} 68... Ke2 {[%clk 0:36:25]} 69. Kh3 {[%clk 0:46:07]} 69... f1=Q+
{[%clk 0:36:22]} 70. Kg4 {[%clk 0:46:08]} 70... Qf3+ {[%clk 0:35:59]} 71. Kh4 {
[%clk 0:46:17]} 71... Qg2 {[%clk 0:36:07]} 72. Kh5 {[%clk 0:46:32]} 72... Qg5#
{[%clk 0:36:29]} 0-1

[Event "DEM U10w 2017"]
[Site "Willingen GER"]
[Date "2017.06.10"]
[Round "11"]
[White "Peglau, Dora"]
[Black "Zhou, Lepu Coco"]
[Result "1/2-1/2"]
[Termination "normal"]
[Board "4"]
[WhiteElo "1159"]
[BlackElo "1592"]
[WhiteClock "00:43:33"]
[BlackClock "00:53:26"]
[PlyCount "133"]
[WhiteFideId "16220005"]
[BlackFideId "16217136"]
[EventCountry "GER"]
[EventRounds "11"]
[EventType "swiss"]
[EventDate "2017.06.03"]

1. e4 {[%clk 1:15:59]} 1... e5 {[%clk 1:15:55]} 2. Nf3 {[%clk 1:16:21]} 2...
Nc6 {[%clk 1:16:22]} 3. Bc4 {[%clk 1:16:43]} 3... Nf6 {[%clk 1:16:48]} 4. Ng5 {
[%clk 1:17:04]} 4... d5 {[%clk 1:17:13]} 5. exd5 {[%clk 1:17:25]} 5... b5 {
[%clk 1:17:39]} 6. Bf1 {[%clk 1:17:38]} 6... h6 {[%clk 1:18:01]} 7. Nxf7 {
[%clk 1:16:04]} 7... Kxf7 {[%clk 1:18:07]} 8. dxc6 {[%clk 1:16:18]} 8... Be7 {
[%clk 1:16:45]} 9. Bxb5 {[%clk 1:15:36]} 9... Qd5 {[%clk 1:13:12]} 10. Bf1 {
[%clk 1:14:08]} 10... Qe4+ {[%clk 1:12:26]} 11. Qe2 {[%clk 1:13:48]} 11... Qxc2
{[%clk 1:08:00]} 12. Qc4+ {[%clk 1:13:34]} 12... Qxc4 {[%clk 1:08:27]} 13.
Bxc4+ {[%clk 1:13:56]} 13... Be6 {[%clk 1:08:45]} 14. Ba6 {[%clk 1:12:10]}
14... Rab8 {[%clk 1:07:37]} 15. O-O {[%clk 1:10:53]} 15... Rb6 {[%clk 1:07:30]}
16. Bb7 {[%clk 1:10:38]} 16... Bd5 {[%clk 1:07:51]} 17. Re1 {[%clk 1:10:42]}
17... Bxc6 {[%clk 1:08:07]} 18. Bxc6 {[%clk 1:11:02]} 18... Rxc6 { [%clk
1:08:32]} 19. Nc3 {[%clk 1:11:13]} 19... Bd6 {[%clk 1:06:49]} 20. b3 { [%clk
1:10:18]} 20... Bb4 {[%clk 1:04:17]} 21. Bb2 {[%clk 1:09:06]} 21... Rd8 { [%clk
1:02:35]} 22. Rad1 {[%clk 1:08:37]} 22... Rd3 {[%clk 0:57:45]} 23. a3 { [%clk
1:03:16]} 23... Bxc3 {[%clk 0:56:49]} 24. Bxc3 {[%clk 1:03:28]} 24... Nd7
{[%clk 0:54:50]} 25. Re3 {[%clk 0:57:58]} 25... Rcxc3 {[%clk 0:54:48]} 26. Rf3+
{[%clk 0:51:18]} 26... Nf6 {[%clk 0:54:30]} 27. Rf5 {[%clk 0:50:50]} 27... Rc2
{[%clk 0:54:41]} 28. h3 {[%clk 0:50:35]} 28... Rcxd2 {[%clk 0:54:36]} 29. Rxd2
{[%clk 0:50:25]} 29... Rxd2 {[%clk 0:54:58]} 30. Rxe5 {[%clk 0:50:32]} 30...
Rd3 {[%clk 0:53:51]} 31. Rb5 {[%clk 0:50:30]} 31... c6 {[%clk 0:53:15]} 32.
Rb7+ {[%clk 0:49:33]} 32... Rd7 {[%clk 0:53:28]} 33. Rb8 {[%clk 0:49:14]} 33...
Ne4 {[%clk 0:51:44]} 34. f3 {[%clk 0:48:41]} 34... Nc5 {[%clk 0:51:50]} 35. b4
{[%clk 0:48:24]} 35... Na4 {[%clk 0:52:12]} 36. Kf2 {[%clk 0:48:10]} 36... Ke6
{[%clk 0:51:51]} 37. Ke3 {[%clk 0:48:17]} 37... Nb6 {[%clk 0:51:58]} 38. Re8+ {
[%clk 0:47:55]} 38... Kf7 {[%clk 0:52:07]} 39. Re4 {[%clk 0:47:22]} 39... Re7 {
[%clk 0:52:33]} 40. Rxe7+ {[%clk 0:47:24]} 40... Kxe7 {[%clk 0:52:58]} 41. Kd4
{[%clk 0:47:40]} 41... Kd6 {[%clk 0:53:06]} 42. g4 {[%clk 0:47:19]} 42... Nd5 {
[%clk 0:53:28]} 43. Ke4 {[%clk 0:45:12]} 43... g6 {[%clk 0:53:03]} 44. f4 {
[%clk 0:45:21]} 44... Nc3+ {[%clk 0:53:26]} 45. Kd3 {[%clk 0:43:25]} 45... Nb5
{[%clk 0:53:26]} 46. a4 {[%clk 0:43:26]} 46... Nc7 {[%clk 0:53:47]} 47. Kc4 {
[%clk 0:41:28]} 47... Ne6 {[%clk 0:53:22]} 48. f5 {[%clk 0:41:33]} 48... gxf5 {
[%clk 0:53:38]} 49. gxf5 {[%clk 0:41:41]} 49... Nf4 {[%clk 0:53:56]} 50. h4 {
[%clk 0:41:38]} 50... Ng2 {[%clk 0:53:28]} 51. f6 {[%clk 0:41:12]} 51... Ke6 {
[%clk 0:53:52]} 52. h5 {[%clk 0:41:33]} 52... Nf4 {[%clk 0:53:37]} 53. Kc5 {
[%clk 0:41:30]} 53... Nd3+ {[%clk 0:52:57]} 54. Kc4 {[%clk 0:41:28]} 54... Nb2+
{[%clk 0:53:11]} 55. Kb3 {[%clk 0:41:32]} 55... Kxf6 {[%clk 0:52:18]} 56. Kxb2
{[%clk 0:41:54]} 56... Kg5 {[%clk 0:52:44]} 57. b5 {[%clk 0:42:16]} 57... cxb5
{[%clk 0:53:10]} 58. axb5 {[%clk 0:42:29]} 58... Kxh5 {[%clk 0:53:35]} 59. Kc3
{[%clk 0:42:44]} 59... Kg6 {[%clk 0:53:42]} 60. Kd4 {[%clk 0:43:06]} 60... Kf5
{[%clk 0:52:57]} 61. Kc5 {[%clk 0:41:26]} 61... h5 {[%clk 0:53:20]} 62. Kc6 {
[%clk 0:41:51]} 62... h4 {[%clk 0:53:46]} 63. Kb7 {[%clk 0:42:16]} 63... h3 {
[%clk 0:52:31]} 64. Kxa7 {[%clk 0:42:40]} 64... h2 {[%clk 0:52:54]} 65. b6 {
[%clk 0:43:06]} 65... h1=Q {[%clk 0:53:11]} 66. b7 {[%clk 0:43:31]} 66... Qh7 {
[%clk 0:53:26]} 67. Ka8 {[%clk 0:43:33]} 1/2-1/2

[Event "DEM U10w 2017"]
[Site "Willingen GER"]
[Date "2017.06.10"]
[Round "11"]
[White "Fischer, Darja"]
[Black "Prinzen, Siri Marleen"]
[Result "1/2-1/2"]
[Termination "normal"]
[Board "5"]
[WhiteElo "1196"]
[BlackElo "951"]
[WhiteClock "00:54:24"]
[BlackClock "01:06:22"]
[PlyCount "64"]
[WhiteFideId "16240898"]
[BlackFideId "16265912"]
[EventCountry "GER"]
[EventRounds "11"]
[EventType "swiss"]
[EventDate "2017.06.03"]

1. e4 e5 2. Nf3 Nc6 3. Nc3 Nf6 4. d4 exd4 5. Nxd4 Bc5 6. Be3 Bb6 7. Qd2 O-O 8.
O-O-O d5 9. Nxc6 Bxe3 10. Nxd8 Bxd2+ 11. Rxd2 Rxd8 12. exd5 Bf5 13. Bc4 Rd7 14.
Re1 Rad8 15. Red1 Re8 16. Bb5 c6 17. dxc6 Rxd2 18. Rxd2 bxc6 19. Bxc6 Re1+ 20.
Rd1 Rxd1+ 21. Kxd1 Kf8 22. a4 Ke7 23. b4 Kd6 24. Bf3 Kc7 25. Nb5+ Kb6 26. c4 a5
27. c5+ Ka6 28. Nc7+ Ka7 29. b5 Be4 30. Bxe4 Nxe4 31. f3 Nxc5 32. Kc2 Nxa4
1/2-1/2

[Event "DEM U10w 2017"]
[Site "Willingen GER"]
[Date "2017.06.10"]
[Round "11"]
[White "Trunz, Michelle"]
[Black "Peglau, Charis"]
[Result "1-0"]
[Termination "normal"]
[Board "6"]
[WhiteElo "1340"]
[BlackElo "1193"]
[WhiteClock "00:48:42"]
[BlackClock "00:09:18"]
[PlyCount "137"]
[WhiteFideId "16227980"]
[BlackFideId "16219996"]
[EventCountry "GER"]
[EventRounds "11"]
[EventType "swiss"]
[EventDate "2017.06.03"]

1. e4 {[%clk 1:15:56]} 1... d5 {[%clk 1:15:53]} 2. exd5 {[%clk 1:16:10]} 2...
Qxd5 {[%clk 1:16:14]} 3. Nc3 {[%clk 1:16:28]} 3... Qd8 {[%clk 1:16:24]} 4. d4 {
[%clk 1:16:35]} 4... Nf6 {[%clk 1:16:34]} 5. Nf3 {[%clk 1:16:45]} 5... Bg4 {
[%clk 1:16:45]} 6. Be2 {[%clk 1:16:43]} 6... e6 {[%clk 1:16:48]} 7. Bg5 { [%clk
1:16:55]} 7... Be7 {[%clk 1:17:04]} 8. O-O {[%clk 1:17:09]} 8... Nbd7 { [%clk
1:16:55]} 9. Nd2 {[%clk 1:13:21]} 9... Bf5 {[%clk 1:16:31]} 10. f4 { [%clk
1:12:49]} 10... h6 {[%clk 1:16:37]} 11. Bh4 {[%clk 1:13:00]} 11... O-O { [%clk
1:16:35]} 12. Rf3 {[%clk 1:12:00]} 12... c5 {[%clk 1:14:23]} 13. Nb3 { [%clk
1:09:55]} 13... c4 {[%clk 1:13:49]} 14. Nd2 {[%clk 1:09:34]} 14... Qb6 { [%clk
1:11:36]} 15. Nxc4 {[%clk 1:09:25]} 15... Qc7 {[%clk 1:10:24]} 16. Ne3 { [%clk
1:07:15]} 16... Bh7 {[%clk 1:07:08]} 17. Rf1 {[%clk 1:06:06]} 17... a6 { [%clk
1:07:13]} 18. Bd3 {[%clk 1:05:02]} 18... Bd6 {[%clk 1:06:53]} 19. Bxh7+ { [%clk
1:04:54]} 19... Nxh7 {[%clk 1:07:03]} 20. Qg4 {[%clk 1:04:32]} 20... Nhf6
{[%clk 1:07:15]} 21. Bxf6 {[%clk 1:04:28]} 21... Nxf6 {[%clk 1:07:29]} 22. Qf3
{[%clk 1:04:19]} 22... b5 {[%clk 1:07:24]} 23. Ne2 {[%clk 1:04:01]} 23... Rfe8
{[%clk 1:02:39]} 24. c3 {[%clk 1:02:47]} 24... Rad8 {[%clk 0:59:24]} 25. Ng4 {
[%clk 1:02:33]} 25... Nd5 {[%clk 0:57:52]} 26. Qg3 {[%clk 1:01:44]} 26... Kh8 {
[%clk 0:55:50]} 27. Ne5 {[%clk 1:00:04]} 27... Kg8 {[%clk 0:47:23]} 28. Rf3 {
[%clk 0:59:26]} 28... Ne7 {[%clk 0:39:15]} 29. Qg4 {[%clk 0:59:08]} 29... Nf5 {
[%clk 0:37:12]} 30. Ng3 {[%clk 0:59:11]} 30... Ne7 {[%clk 0:34:25]} 31. Qh5 {
[%clk 0:59:10]} 31... Rf8 {[%clk 0:34:27]} 32. Re1 {[%clk 0:57:20]} 32... b4 {
[%clk 0:30:53]} 33. f5 {[%clk 0:56:58]} 33... exf5 {[%clk 0:20:03]} 34. Nxf5 {
[%clk 0:57:00]} 34... Nxf5 {[%clk 0:15:40]} 35. Qxf5 {[%clk 0:56:32]} 35...
Rde8 {[%clk 0:10:52]} 36. Rfe3 {[%clk 0:55:53]} 36... f6 {[%clk 0:10:39]} 37.
Ng4 {[%clk 0:55:39]} 37... bxc3 {[%clk 0:08:36]} 38. Rxe8 {[%clk 0:55:01]}
38... c2 {[%clk 0:06:47]} 39. Rxf8+ {[%clk 0:54:09]} 39... Kxf8 {[%clk 0:07:02]
} 40. Qe6 {[%clk 0:51:54]} 40... Be7 {[%clk 0:07:01]} 41. Rc1 {[%clk 0:51:00]}
41... Qd8 {[%clk 0:02:47]} 42. Rxc2 {[%clk 0:48:40]} 42... Qxd4+ { [%clk
0:03:10]} 43. Rf2 {[%clk 0:48:14]} 43... Bc5 {[%clk 0:03:14]} 44. Qe2 { [%clk
0:46:52]} 44... h5 {[%clk 0:03:15]} 45. Ne3 {[%clk 0:46:21]} 45... Qxe3 { [%clk
0:03:35]} 46. Qxe3 {[%clk 0:46:13]} 46... Bxe3 {[%clk 0:04:00]} 47. Kf1 { [%clk
0:46:34]} 47... Bxf2 {[%clk 0:04:27]} 48. Kxf2 {[%clk 0:46:54]} 48... Ke7
{[%clk 0:04:56]} 49. Ke3 {[%clk 0:47:05]} 49... Kd6 {[%clk 0:05:23]} 50. Kd4 {
[%clk 0:47:24]} 50... g6 {[%clk 0:05:44]} 51. h3 {[%clk 0:46:45]} 51... g5 {
[%clk 0:06:08]} 52. Kc4 {[%clk 0:45:23]} 52... Kc6 {[%clk 0:06:35]} 53. a4 {
[%clk 0:45:27]} 53... f5 {[%clk 0:07:01]} 54. b4 {[%clk 0:44:48]} 54... f4 {
[%clk 0:07:20]} 55. b5+ {[%clk 0:44:53]} 55... axb5+ {[%clk 0:07:44]} 56. axb5+
{[%clk 0:45:18]} 56... Kb6 {[%clk 0:08:06]} 57. Kd4 {[%clk 0:45:30]} 57... Kxb5
{[%clk 0:08:31]} 58. Ke4 {[%clk 0:45:50]} 58... Kc6 {[%clk 0:07:29]} 59. Kf5 {
[%clk 0:46:05]} 59... g4 {[%clk 0:07:16]} 60. hxg4 {[%clk 0:45:56]} 60... hxg4
{[%clk 0:06:51]} 61. Kxg4 {[%clk 0:46:07]} 61... f3 {[%clk 0:07:12]} 62. gxf3 {
[%clk 0:46:27]} 62... Kd6 {[%clk 0:07:35]} 63. Kf5 {[%clk 0:46:43]} 63... Ke7 {
[%clk 0:07:49]} 64. Kg6 {[%clk 0:46:59]} 64... Ke6 {[%clk 0:07:57]} 65. f4 {
[%clk 0:47:23]} 65... Ke7 {[%clk 0:08:15]} 66. f5 {[%clk 0:47:31]} 66... Kf8 {
[%clk 0:08:35]} 67. Kf6 {[%clk 0:47:55]} 67... Ke8 {[%clk 0:08:57]} 68. Kg7 {
[%clk 0:48:18]} 68... Ke7 {[%clk 0:09:18]} 69. f6+ {[%clk 0:48:42]} 1-0

[Event "DEM U10w 2017"]
[Site "Willingen GER"]
[Date "2017.06.10"]
[Round "11"]
[White "Ulrich, Helena Irene"]
[Black "Keymer, Cecilia"]
[Result "0-1"]
[Termination "normal"]
[Board "7"]
[WhiteElo "1097"]
[BlackElo "1311"]
[PlyCount "68"]
[WhiteFideId "16256000"]
[BlackFideId "16233468"]
[EventCountry "GER"]
[EventRounds "11"]
[EventType "swiss"]
[EventDate "2017.06.03"]

1. e4 e5 2. Nf3 Nc6 3. Bc4 Bc5 4. d4 Bxd4 5. Nxd4 Nxd4 6. Be3 Nc6 7. Nc3 h6 8.
Nd5 Nf6 9. O-O Nxe4 10. Qg4 Ng5 11. Bxg5 hxg5 12. Qf3 f6 13. Qf5 Rh6 14. Rfe1
d6 15. Qd3 Bd7 16. Ne3 Nd4 17. c3 Nc6 18. Nf5 Bxf5 19. Qxf5 Qd7 20. Qd3 O-O-O
21. Bd5 Rdh8 22. Qc4 Rxh2 23. Kf1 Rh1+ 24. Ke2 Rxe1+ 25. Rxe1 Re8 26. b4 Nd8
27. Ra1 c6 28. Bf3 Kb8 29. a4 Qe6 30. Qd3 e4 31. Bxe4 Qxe4+ 32. Qxe4 Rxe4+ 33.
Kf1 Rc4 34. Rc1 Ne6 0-1

[Event "DEM U10w 2017"]
[Site "Willingen GER"]
[Date "2017.06.10"]
[Round "11"]
[White "Labuda, Annika"]
[Black "Englert, Lin"]
[Result "0-1"]
[Termination "normal"]
[Board "8"]
[WhiteElo "1144"]
[BlackElo "1165"]
[PlyCount "62"]
[WhiteFideId "16261453"]
[BlackFideId "16226410"]
[EventCountry "GER"]
[EventRounds "11"]
[EventType "swiss"]
[EventDate "2017.06.03"]

1. e4 e5 2. Nf3 Nc6 3. Nc3 a6 4. Bc4 Bc5 5. O-O h6 6. d3 d6 7. h3 Nf6 8. Re1
O-O 9. Be3 Bxe3 10. Rxe3 Re8 11. a3 Be6 12. Bxe6 fxe6 13. Re1 Rf8 14. Nd2 Qe8
15. Re3 Qg6 16. Rg3 Qh5 17. Qxh5 Nxh5 18. Re3 Nd4 19. Rc1 Nf4 20. b4 b5 21. Kf1
Rf6 22. f3 Rg6 23. Ree1 Rxg2 24. h4 Rxd2 25. Red1 Rxd1+ 26. Nxd1 Rf8 27. Kf2
Rf6 28. Ne3 Rg6 29. Ng4 h5 30. Ne3 Nh3+ 31. Kf1 Rg1# 0-1

[Event "DEM U10w 2017"]
[Site "Willingen GER"]
[Date "2017.06.10"]
[Round "11"]
[White "Heinze, Sofie"]
[Black "Winkler, Sarah"]
[Result "0-1"]
[Termination "normal"]
[Board "9"]
[WhiteElo "850"]
[BlackElo "1251"]
[PlyCount "57"]
[WhiteFideId "16226461"]
[BlackFideId "16274431"]
[EventCountry "GER"]
[EventRounds "11"]
[EventType "swiss"]
[EventDate "2017.06.03"]

1. d4 d5 2. Nf3 Nf6 3. g3 Bf5 4. Bg2 e6 5. Nbd2 Be7 6. O-O Nbd7 7. c4 c6 8. b3
O-O 9. Bb2 h6 10. Nh4 Bh7 11. Nhf3 Re8 12. Rc1 Rc8 13. Bc3 Ba3 14. Rb1 Bxb1 15.
Qxb1 Be7 16. Bh3 Rb8 17. Bg2 Nf8 18. a4 Ng6 19. b4 a6 20. b5 axb5 21. cxb5 Qd6
22. Re1 Qa3 23. bxc6 Qxc3 24. cxb7 Qb4 25. Qc1 Rxb7 26. Qc6 Rbb8 27. Rb1 Qa5
28. Ra1 Rec8 29. Qxc8+ 0-1

[Event "DEM U10w 2017"]
[Site "Willingen GER"]
[Date "2017.06.10"]
[Round "11"]
[White "Voigt, Anastasia"]
[Black "Adelmeyer, Nelly"]
[Result "0-1"]
[Termination "normal"]
[Board "10"]
[WhiteElo "1181"]
[BlackElo "1187"]
[PlyCount "130"]
[WhiteFideId "16235223"]
[BlackFideId "16203577"]
[EventCountry "GER"]
[EventRounds "11"]
[EventType "swiss"]
[EventDate "2017.06.03"]

1. e4 c5 2. Nf3 d6 3. d4 cxd4 4. Nxd4 Nf6 5. Nc3 a6 6. Be3 e6 7. f3 Be7 8. Bd3
O-O 9. Qd2 Bd7 10. O-O-O Nc6 11. Nxc6 Bxc6 12. Bc4 Qc7 13. Bb3 b5 14. a3 a5 15.
Bg5 b4 16. axb4 axb4 17. Na2 Rfb8 18. Kb1 Qa7 19. Bxf6 gxf6 20. Rhe1 Qa5 21. g4
Rb7 22. h4 Rba7 23. Qd3 d5 24. exd5 Bxd5 25. Bxd5 Qxd5 26. Qxd5 exd5 27. Rxe7
Rxe7 28. Nxb4 Rea7 29. c3 Ra1+ 30. Kc2 Rxd1 31. Kxd1 Rd8 32. Kd2 d4 33. c4 Rb8
34. Nc2 Rxb2 35. Kd3 Rb3+ 36. Kxd4 Rxf3 37. Ne3 Kg7 38. Nf5+ Kg6 39. Ne7+ Kg7
40. Nf5+ Kf8 41. Ke4 Rc3 42. Kd5 Ke8 43. Nd6+ Ke7 44. c5 Ra3 45. Nf5+ Kd7 46.
Nh6 Rg3 47. g5 fxg5 48. hxg5 Rxg5+ 49. Kc4 Rh5 50. Nxf7 Rh1 51. Ne5+ Ke6 52.
Nd3 h5 53. c6 Kd6 54. Kb5 Rb1+ 55. Nb4 h4 56. Ka5 h3 57. Nd3 Kxc6 58. Nf2 h2
59. Ka4 Rf1 60. Ne4 Rf4 61. Kb3 Rxe4 62. Kc3 h1=Q 63. Kd3 Qf3+ 64. Kd2 Re2+ 65.
Kd1 Qf1# 0-1

[Event "DEM U10w 2017"]
[Site "Willingen GER"]
[Date "2017.06.10"]
[Round "11"]
[White "Wilmink, Anna"]
[Black "Pröttel, Ela"]
[Result "1/2-1/2"]
[Termination "normal"]
[Board "11"]
[WhiteElo "1140"]
[BlackElo "1050"]
[PlyCount "88"]
[WhiteFideId "16273680"]
[BlackFideId "44582749"]
[EventCountry "GER"]
[EventRounds "11"]
[EventType "swiss"]
[EventDate "2017.06.03"]

1. e4 e5 2. Nf3 Nc6 3. Bc4 Bc5 4. d4 exd4 5. O-O Nf6 6. e5 d5 7. exd6 Qxd6 8.
Re1+ Be6 9. Ng5 Nd8 10. Qe2 Kd7 11. Bxe6+ fxe6 12. Rd1 Kc8 13. c3 h6 14. Nf3
Nc6 15. Be3 e5 16. Rd3 e4 17. Rd1 exf3 18. Qxf3 d3 19. Bf4 Qd5 20. Qg3 Qd7 21.
Rxd3 Qg4 22. Bxc7 Qxg3 23. Bxg3 Re8 24. Nd2 Re2 25. Rd1 Ng4 26. Nc4 Nxf2 27.
Bxf2 Rxf2 28. Rd5 Rf5+ 29. Kh1 Rxd5 30. Rxd5 Bb6 31. g4 Kc7 32. b4 Rd8 33. Rh5
Rd1+ 34. Kg2 Rd3 35. g5 hxg5 36. Rxg5 Rxc3 37. Rxg7+ Kd8 38. Nd6 Rc2+ 39. Kf3
Rxh2 40. Nxb7+ Ke8 41. Nd6+ Kd8 42. Nb7+ Ke8 43. Nd6+ Kd8 44. Nb7+ Ke8 1/2-1/2

[Event "DEM U10w 2017"]
[Site "Willingen GER"]
[Date "2017.06.10"]
[Round "11"]
[White "Schupfer, Victoria"]
[Black "Nguyen, Jenny Ha Linh"]
[Result "0-1"]
[Termination "normal"]
[Board "12"]
[WhiteElo "830"]
[BlackElo "1102"]
[PlyCount "78"]
[BlackFideId "16209729"]
[EventCountry "GER"]
[EventRounds "11"]
[EventType "swiss"]
[EventDate "2017.06.03"]

1. e4 e5 2. Nf3 Nc6 3. Bc4 Bc5 4. Nc3 Nf6 5. d3 h6 6. h3 d6 7. Be3 Bb6 8. O-O
Be6 9. Bb3 Qd7 10. Qd2 O-O-O 11. Na4 Bxe3 12. Qxe3 g5 13. Bxe6 Qxe6 14. Rfe1 g4
15. Nd2 gxh3 16. gxh3 Nh5 17. Kf1 Nf4 18. Nc4 Qxh3+ 19. Qxh3+ Nxh3 20. Ke2 Nf4+
21. Kd2 h5 22. Rh1 h4 23. Rh2 Nd4 24. Ke3 Nxc2+ 25. Kd2 Nxa1 26. Rh1 h3 27. Nc3
h2 28. f3 Rdg8 29. Rxa1 Rg1 30. Rxg1 hxg1=Q 31. Kc2 Rh2+ 32. Kb3 Ne2 33. Na4
Nd4+ 34. Kb4 b5 35. Nc3 bxc4 36. dxc4 Rxb2+ 37. Ka4 Nc6 38. Nb5 a6 39. Na3 Rb4#
0-1

[Event "DEM U10w 2017"]
[Site "Willingen GER"]
[Date "2017.06.10"]
[Round "11"]
[White "Hubert, Charlotte"]
[Black "Stepanjan, Marianne"]
[Result "1-0"]
[Termination "normal"]
[Board "13"]
[WhiteElo "1028"]
[BlackElo "880"]
[PlyCount "123"]
[WhiteFideId "16265920"]
[BlackFideId "16246110"]
[EventCountry "GER"]
[EventRounds "11"]
[EventType "swiss"]
[EventDate "2017.06.03"]

1. e4 e5 2. Nf3 Nc6 3. Bc4 Nf6 4. d3 Bc5 5. c3 d5 6. exd5 Nxd5 7. O-O O-O 8.
Re1 Re8 9. Nbd2 Nf4 10. Nf1 Bf5 11. d4 Bd6 12. dxe5 Nxe5 13. Nxe5 Bxe5 14. Qxd8
Raxd8 15. Ng3 Bd3 16. Bxf4 Bxf4 17. Rxe8+ Rxe8 18. Bxd3 Rd8 19. Be4 b6 20. Re1
Rd2 21. Rb1 Kf8 22. Kf1 g6 23. Ke1 Ke7 24. Ne2 Bg5 25. f4 Bxf4 26. Nxf4 Rd8 27.
Rd1 f5 28. Rxd8 Kxd8 29. Bd3 Ke7 30. Kf2 Kf6 31. h4 g5 32. hxg5+ Kxg5 33. Kg3
h5 34. Nxh5 Kxh5 35. Bxf5 Kg5 36. Bd3 Kf6 37. Kh4 Kg7 38. Kh5 c6 39. g4 b5 40.
c4 a5 41. cxb5 cxb5 42. Bxb5 Kh7 43. a3 Kg7 44. b4 axb4 45. axb4 Kf6 46. Kh6
Kf7 47. Bc4+ Ke7 48. g5 Kd6 49. g6 Ke5 50. g7 Kd4 51. g8=Q Kc3 52. Kg5 Kxb4 53.
Kf5 Kc5 54. Qd5+ Kb4 55. Bf1 Kc3 56. Qe4 Kb2 57. Qe3 Kb1 58. Qd2 Ka1 59. Ke4
Kb1 60. Kd3 Ka1 61. Kc3 Kb1 62. Qb2# 1-0